Attitude towards mathematics of seventh graders in a cooperative learning classroom (Record no. 81018)

000 -LEADER
fixed length control field 00431pab a2200157 454500
008 - FIXED-LENGTH DATA ELEMENTS--GENERAL INFORMATION
fixed length control field 180718b2006 xxu||||| |||| 00| 0 eng d
100 ## - MAIN ENTRY--PERSONAL NAME
Personal name Mehra, Vandana
245 ## - TITLE STATEMENT
Title Attitude towards mathematics of seventh graders in a cooperative learning classroom
260 ## - PUBLICATION, DISTRIBUTION, ETC.
Date of publication, distribution, etc. 2006
300 ## - PHYSICAL DESCRIPTION
Extent p.137-55.
650 ## - SUBJECT ADDED ENTRY--TOPICAL TERM
Topical term or geographic name entry element Learning
700 ## - ADDED ENTRY--PERSONAL NAME
Personal name Thakur, Kalpana
773 ## - HOST ITEM ENTRY
Main entry heading Research Journal Social Sciences
908 ## - PUT COMMAND PARAMETER (RLIN)
Put command parameter N
909 ## -
-- 81018
Holdings
Withdrawn status Lost status Damaged status Not for loan Permanent Location Current Location Date acquired Serial Enumeration / chronology Barcode Date last seen Price effective from Koha item type
        Indian Institute of Public Administration Indian Institute of Public Administration 2018-07-19 Volume no: 14, Issue no: 3 AR81478 2018-07-19 2018-07-19 Articles

Powered by Koha